| 000 | 02901nab a22006737a 4500 | ||
|---|---|---|---|
| 003 | AR-RoUNA | ||
| 022 | _a03282384 | ||
| 040 |
_aAR-RoUNA _bspa |
||
| 041 |
_aspa _hspa |
||
| 044 | _aag | ||
| 110 |
_98413 _aSecretaria de Ciencia y Técnica. _bBoletín de la Secretaria |
||
| 245 |
_aCiencia y Tecnica _hNº 12 _bBoletín de la Secretaría |
||
| 260 |
_aBuenos Aires : _bUP, _c1994 |
||
| 300 |
_a50 p. : _bplantas _bfot. byn. _c26x 20 cm |
||
| 505 | _tINDICE | ||
| 505 | _tPANORAMA | ||
| 505 | _aII, Escuela Argentino - Brasileña de informática. p. 3 | ||
| 505 | _aIII. Escuela Argentino - Brasileña de Informática . p. 5 | ||
| 505 | _tCONICET | ||
| 505 | _aDerivaciones judiciales en el caso de la crotoxina. p. 9 | ||
| 505 | _aSignificativos avances en transferencia de tecnología. p. 12 | ||
| 505 | _aCrédito BID - CONICET II. Etapa final. p. 14 | ||
| 505 | _tCOORDINACIÓN OPERATIVA | ||
| 505 | _aCiclo de programas para televisión. p. 15 | ||
| 505 | _aCiencia y Técnica para la comunidad. p. 16 | ||
| 505 | _aLa ciencia invita a los jóvenes. p. 17 | ||
| 505 | _tCOORDINACIÓN Y PLANIFICACIÓN | ||
| 505 | _aProyectos aprobados en 1986 para el área Patagonia. p. 18 | ||
| 505 | _aEnergía solar y productos agrícolas. p. 19 | ||
| 505 | _aSistemas agroalimentarios. p. 21 | ||
| 505 | _aEstado de Industria pesquera. p. 22 | ||
| 505 | _aProyectos aprobados por el Programa Nacional de Petroquímica. p. 23 | ||
| 505 | _tINFORMATICA | ||
| 505 | _aInformatizanse diversos organismos estatales. p. 24 | ||
| 505 | _aProponen la aceptación de documentos electrónicos. p. 25 | ||
| 505 | _aExpendientes controlados por computadora. p. 26 | ||
| 505 | _aExpedientes controlados por computadora. p. 27 | ||
| 505 | _aDesarrollo de robots. p. 28 | ||
| 505 | _aCongreso Latinoamericano de Control Automático. p. 28 | ||
| 505 | _aLaboratorio de informática para la escuela. p. 28 | ||
| 505 | _aProyectos subsidiarios por el PNIE en 1986. p. 29 | ||
| 505 | _tCOOPERACION INTERNACIONAL | ||
| 505 | _aReunión Rioplatense de Biotecnología. p. 32 | ||
| 505 | _aCooperación técnica con Suecia. p. 32 | ||
| 505 | _aEscuela Latinoamericana de Física. p. 32 | ||
| 505 | _aPremio Denis Thienpont. p. 32 | ||
| 505 | _aActividades del Centro Internacional de Física Teórica de Trieste. p. 33 | ||
| 505 | _tBECAS CURSOS Y REUNIONES CIENTIFICAS | ||
| 505 | _aInformación sobre becas y cursos varios. p. 35 | ||
| 505 | _aCurso sobre Tecnología Forestal. p. 37 | ||
| 650 |
_aArquitectura _911395 |
||
| 650 |
_aCiencia _911396 |
||
| 773 | 0 |
_aBoletín de la Secretaría: Ciencia y Técnica _dBuenos Aires, Aller Atucha y Asociados. 1988 _gnro.12 (jun-1987), 50.p _x03265773 |
|
| 856 | _uwww.secyt.unlu.edu.ar | ||
| 908 | _aImp | ||
| 942 |
_2udc _cART |
||
| 945 |
_aMBP _d2018-06-12 |
||
| 980 |
_81 _gMaricel Allasia _61 _aMaricel Allasia |
||
| 999 |
_c12459 _d12459 |
||